|
|
|
|
| LEADER |
01262nam a2200325 a 4500 |
| 001 |
35593 |
| 003 |
BD-DhAAL |
| 005 |
20220216145434.0 |
| 008 |
200109t1984 maua b 001 0 eng d |
| 999 |
|
|
|c 42136
|d 42136
|
| 010 |
|
|
|a 83082704
|
| 020 |
|
|
|a 0395327628 (pbk.)
|
| 040 |
|
|
|a DLC
|c DLC
|d DLC
|d BD-DhAAL
|
| 050 |
0 |
0 |
|a LB1051
|b .G185 1984
|
| 082 |
0 |
0 |
|a 370.15
|2 19
|
| 100 |
1 |
|
|a Gage, N. L.
|q (Nathaniel Lees),
|d 1917-
|9 38885
|
| 245 |
1 |
0 |
|a Educational psychology /
|c N.L. Gage, David C. Berliner.
|
| 250 |
|
|
|a Third edition
|
| 260 |
|
|
|a Boston :
|b Houghton Mifflin,
|c c1984.
|
| 300 |
|
|
|a xiv, 809 pages :
|b illustrations ;
|c 24 cm.
|
| 500 |
|
|
|a At head of title: Gage/Berliner.
|
| 504 |
|
|
|a Includes bibliographical references (pages 754-791) and indexes
|
| 526 |
|
|
|a BIED
|
| 541 |
|
|
|a Complimentary copy from BIED
|e 35593
|
| 650 |
|
0 |
|a Educational psychology.
|9 38886
|
| 700 |
1 |
|
|a Berliner, David C.
|9 38887
|
| 740 |
0 |
|
|a Gage/Berliner educational psychology.
|
| 852 |
|
|
|a Ayesha Abed Library
|c BIED Collection
|
| 942 |
|
|
|2 ddc
|c BK
|
| 952 |
|
|
|0 0
|1 0
|2 ddc
|4 0
|6 370_150000000000000_GAG
|7 0
|9 67691
|a BRACUL
|b BRACUL
|c GEN
|d 2020-01-09
|e Complimentary copy from BIED
|l 0
|o 370.15 GAG
|p 3010035393
|r 2020-01-09
|t 1
|w 2020-01-09
|y BK
|x Transferred from BIED to General Stacks
|